[Event "IRI-ch U18"]
[Site "Chess.com INT"]
[Date "2021.01.26"]
[Round "6"]
[White "Ghasemi, Abdollah"]
[Black "Veisi, Armin"]
[Result "1/2-1/2"]
[WhiteElo "1799"]
[BlackElo "1848"]
[PlyCount "135"]
[EventDate "2021.01.26"]
[EventType "swiss"]
[EventRounds "9"]
[EventCountry "IRI"]
[SourceTitle "CBM 200 Extra"]
[Source "ChessBase"]
[SourceDate "2021.03.31"]
[SourceVersion "1"]
[SourceVersionDate "2021.03.31"]
[SourceQuality "1"]

1. e4 c5 2. Nf3 e6 3. d4 cxd4 4. Nxd4 Nc6 5. Nc3 Qc7 6. Be3 a6 7. g3 Nf6 8. Bg2 Be7 9. 0-0 0-0 10. Qe2 d6 11. Rac1 Bd7 12. Nxc6 Bxc6 13. f4 b5 14. a3 Rfd8 15. Rfd1 Rac8 16. h3 Qb7 17. e5 dxe5 18. fxe5 Nd5 19. Nxd5 Bxd5 20. Bd4 Bg5 21. Bxd5 Rxd5 22. Rb1 Rcd8 23. c3 Qd7 24. Re1 Be7 25. a4 Qc6 26. axb5 axb5 27. b4 h6 28. Qe4 Qc4 29. Rf1 Rxd4 30. cxd4 Bxb4 31. Rf4 Rxd4 32. Qa8+ Kh7 33. Qf3 Bc5 34. Kh1 Rxf4 35. gxf4 b4 36. Rd1 Qb5 37. Qd3+ Qxd3 38. Rxd3 Kg6 39. Kg2 Kf5 40. Kf3 g5 41. fxg5 hxg5 42. Rd7 Kxe5 43. Rxf7 Bd4 44. Rg7 Kf6 45. Rb7 Bc3 46. Ke4 Kg6 47. Rb6 Kf6 48. Rb8 Be1 49. Rb7 Bd2 50. Rb8 Ke7 51. Rb7+ Kd6 52. Rb6+ Kc5 53. Rxe6 b3 54. Kd3 b2 55. Kc2 Bc1 56. Re1 Kd4 57. Rh1 Ke4 58. h4 g4 59. h5 g3 60. h6 g2 61. Rg1 Bxh6 62. Rxg2 Bc1 63. Re2+ Kf3 64. Re8 Kf4 65. Rf8+ Ke4 66. Rf1 Kd4 67. Rxc1 bxc1Q+ 68. Kxc1 1/2-1/2

[Event "IRI-ch U18"]
[Site "Chess.com INT"]
[Date "2021.01.26"]
[Round "5"]
[White "Mohammadi, Amir Hossein"]
[Black "Ghasemi, Abdollah"]
[Result "1/2-1/2"]
[WhiteElo "1412"]
[BlackElo "1799"]
[PlyCount "132"]
[EventDate "2021.01.26"]
[EventType "swiss"]
[EventRounds "9"]
[EventCountry "IRI"]
[SourceTitle "CBM 200 Extra"]
[Source "ChessBase"]
[SourceDate "2021.03.31"]
[SourceVersion "1"]
[SourceVersionDate "2021.03.31"]
[SourceQuality "1"]

1. e4 e6 2. d4 d5 3. Nd2 c5 4. exd5 exd5 5. Ngf3 Nf6 6. Bb5+ Bd7 7. Bxd7+ Nbxd7 8. 0-0 Be7 9. c3 0-0 10. Re1 Re8 11. Nf1 Ne4 12. Ng3 Ndf6 13. Ne5 cxd4 14. cxd4 Nxg3 15. hxg3 Ne4 16. Qg4 Bf6 17. Bf4 Re6 18. f3 Bxe5 19. dxe5 Nc5 20. Rad1 Qd7 21. Bc1 Rd8 22. f4 Rxe5 23. Qxd7 Rxe1+ 24. Rxe1 Nxd7 25. Be3 Re8 26. Kf2 b6 27. Rd1 Nf6 28. Bd4 Ne4+ 29. Kf3 f6 30. a4 Kf7 31. a5 bxa5 32. Bxa7 Ke6 33. g4 Ra8 34. Bb6 Rb8 35. f5+ Kd6 36. Bxa5 Rxb2 37. Be1 Rb3+ 38. Kf4 Nc5 39. g5 Nd3+ 40. Kg4 Nxe1 41. Rxe1 fxg5 42. Re6+ Kc5 43. Re7 h6 44. Rxg7 Rb4+ 45. Kh5 Rf4 46. Kg6 Kd6 47. f6 d4 48. Rh7 d3 49. Rxh6 g4 50. f7 Ke7 51. Rh1 Rxf7 52. Rd1 Rf2 53. Rxd3 Rxg2 54. Kg5 Ke6 55. Kf4 Kf6 56. Rg3 Rxg3 57. Kxg3 Kf5 58. Kg2 Kf4 59. Kf2 g3+ 60. Kg2 Kg4 61. Kg1 Kf3 62. Kf1 Ke3 63. Kg2 Kf4 64. Kg1 Kf3 65. Kf1 g2+ 66. Kg1 Kg3 1/2-1/2